Дело о смерти иностранца Витмана

Доступно только в Электронных читальных залах Найти на картеНа карте
RUSMARC
00003621nmc2a22000003x 450
001961418e5-4d94-4a38-9454-9d31c7327d0c
00520180529171349.0
100##$a20160314l18431844k l0rusy0189 ca
1010#$arus
102##$aRU
2001#$aДело о смерти иностранца Витмана
$j29 июля 1843 г. - 23 августа 1844 г.
251##$cДело
300##$aДело
801#0$aRU
$bРГИА
$c20160314
$gRCR
801#1$aRU
$bГлавНИВЦ
$c20160314
$2rusmarc
801#2$aRU
$bПБ им. Б.Н. Ельцина
$c20180529
$gRCR
$2rusmarc
850##$aРГИА
852##$aРГИА
$eФедеральное казенное учреждение "Российский государственный исторический архив" (РГИА)
$j1493
937##$hРГИА
$d12198147
$aASBIBLIO_SCAN
462#0$1001e71f34c7-6ba6-4504-897e-253c950c25bd
$12001
$a1841-1843 гг. Дела Департамента полиции исполнительной МВД за 1843 г.
$1251
$cОпись
$1852
$j8
461#0$10013e300ed0-cd39-49af-8489-5ba5b90fa401
$12001
$aДепартамент полиции исполнительной МВД
$1251
$cФонд
$1852
$j1286
215##$a15 л.
$d36,5х26 см
371##$aДокумент не является опубликованным и широко распространяемым
105##$ay###
1222#$ad
035##$a961418e5-4d94-4a38-9454-9d31c7327d0c
856##$uhttp://readingroom.main.prlib.ru/item.aspx?id_node=n115584152&mode=full
Формат отображения